1638 1272 1505 1157 1391 1033 1558 2000 1379 1976 1205 1468 1979 1204 1099 1156 1550 1775 1510 1150 1518 1246 1072 1400 1144 1461 1501 1157 1315 1393 1269 1152 1980 1873 1860 1390 1207 1454 1883 1731 1230 1377 1120 1211 1896 1851 1154 1983 1931 1623 1880 1168 1650 1366 1476 1559 1288 1438 1469 1845 1253 1529 1698 1542 1367 1418 1178 1333 1208 1359 1798 1391 1853 1495 1478 1687 1034 1140 1727 1361 1848 1341 1365 1853 1375 1258 1129 1258 1479 1305 1092 1689 1206 1860 1511 1028 1000 1384 1043 BCNSPRNW ULIB Ver.6.0+V

เปลี่ยนเป็นภาษาไทย

Change to English
 แสดงรายละเอียดบรรณานุกรม
  กลับหน้าหลัก

Brief Record : Get Marc (ISO 2709) : E-mail record : QR code < ปิดหน้าต่าง
LEADER : 00000nam 2200000uu 4500
001    13399126945
003     ULIB
008    190912s2561||||th 000 0 tha d
020    ^a9786164788343
060    ^aWY160^bม614ก
100    ^aมุกข์ดา ผดุงยาม
245    ^aการพยาบาลสุขภาพจิตและจิตเวชศาสตร์ Mental Health and Psychiatric Nursing แนวข้อสอบพร้อมเฉลย
250    ^aพิมพ์ครั้งที่ 1
260    ^aกรุงเทพฯ :^bนีโอดิจิตอล,^c2561
300    ^a260 หน้า^bภาพประกอบ, ตาราง, ภาคผนวก
650    ^aการพยาบาลจิตเวชศาสตร์
650    ^aสุขภาพจิต
650    ^aจิตเวชศาสตร์
945    ^p280^l0^i27666
945    ^p280^l0^i27665
945    ^p280^l0^i27664
945    ^p280^l0^i27663
945    ^p280^l0^i27662
999    ^aกัณชพร จุลอักษร
รายการนี้ยังไม่มีแท็ก
คุณยังไม่ได้ล็อกอิน คุณสามารถมีกิจกรรมร่วมกับเว็บไซต์ได้ แต่ต้องล็อกอินก่อน ::
  ล็อกอิน

รายการสื่อสารสนเทศ

ลำดับที่ ประเภท เลขเรียก/บาร์โค้ด สถานที่ สถานะ
1. หนังสือสำรอง
หนังสือสำรอง
WY160 ม614ก ฉ.1 
  Barcode: 27662
ห้องสมุดวิทยาเขตนครสวรรค์
►หนังสือทั่วไป:l:General Books
บนชั้น
2. วิทยาศาสตร์การแพทย์ และสุขภาพ
วิทยาศาสตร์การแพทย์ และสุขภาพ
WY160 ม614ก ฉ.2 
  Barcode: 27663
ห้องสมุดวิทยาเขตนครสวรรค์
►หนังสือทั่วไป:l:General Books
บนชั้น
3. วิทยาศาสตร์การแพทย์ และสุขภาพ
วิทยาศาสตร์การแพทย์ และสุขภาพ
WY160 ม614ก ฉ.3 
  Barcode: 27664
ห้องสมุดวิทยาเขตนครสวรรค์
►หนังสือทั่วไป:l:General Books
บนชั้น
4. วิทยาศาสตร์การแพทย์ และสุขภาพ
วิทยาศาสตร์การแพทย์ และสุขภาพ
WY160 ม614ก ฉ.4 
  Barcode: 27665
ห้องสมุดวิทยาเขตนครสวรรค์
►หนังสือทั่วไป:l:General Books
บนชั้น
5. วิทยาศาสตร์การแพทย์ และสุขภาพ
วิทยาศาสตร์การแพทย์ และสุขภาพ
WY160 ม614ก ฉ.5 
  Barcode: 27666
ห้องสมุดวิทยาเขตนครสวรรค์
►หนังสือทั่วไป:l:General Books
บนชั้น

รายการใกล้เคียง
    ชื่อเรื่อง [การพยาบาลสุขภาพจิตและจิตเวชศาสตร์ Mental Health and Psychiatric Nursing แนวข้อสอบพร้อมเฉลย]

    ผู้แต่ง [มุกข์ดา ผดุงยาม]

    หัวเรื่อง [การพยาบาลจิตเวชศาสตร์]
    หัวเรื่อง [สุขภาพจิต]
    หัวเรื่อง [จิตเวชศาสตร์]

BibComment


ยังไม่เคยถูกคอมเมนท์

คอมเมนท์ทรัพยากรรายการนี้
  คอมเมนท์: การพยาบาลสุขภาพจ..


 Copyright 2026. Bcnsprnw @Library